000 00637nam a2200193Ia 4500
003 LDD
008 190117s9999 xx 000 0 und d
020 _a8181435257
_c₹250
040 _cLDD
041 _ahi
082 _a8H3.7 या4668ए
100 _aयादव, राजेन्द्र
245 0 _aएक था शैलेन्द्र
_cराजेन्द्र यादव
260 _aनई दिल्ली
_bवाणी प्रकाशन
_c2006
300 _a250
901 _aVANI
904 _aReqst by : J.M. Parekh
942 _2ddc
_cH
999 _c167777
_d167777